Investment insurance and developmental impact : (Record no. 345665)

000 -LEADER
fixed length control field 00693 a2200193 4500
020 ## - INTERNATIONAL STANDARD BOOK NUMBER
International Standard Book Number 0821349139
020 ## - INTERNATIONAL STANDARD BOOK NUMBER
International Standard Book Number 9780821349137
082 04 - DEWEY DECIMAL CLASSIFICATION NUMBER
Classification number 332.673
090 ## - LOCALLY ASSIGNED LC-TYPE CALL NUMBER (OCLC); LOCAL CALL NUMBER (RLIN)
-- 3177
-- 3177
100 1# - MAIN ENTRY--PERSONAL NAME
Personal name West, Gerald T.
245 10 - TITLE STATEMENT
Title Investment insurance and developmental impact :
Remainder of title evaluating miga's experience /
Statement of responsibility, etc. Gerald T. West.
260 ## - PUBLICATION, DISTRIBUTION, ETC.
Place of publication, distribution, etc. [S.l.] :
Name of publisher, distributor, etc. World Bank Publications,
Date of publication, distribution, etc. 2001.
300 ## - PHYSICAL DESCRIPTION
Extent 124 p. ;
Dimensions 28 cm.
500 ## - GENERAL NOTE
General note Paperback.
700 1# - ADDED ENTRY--PERSONAL NAME
Personal name Tarazona, Ethel I.
856 40 - ELECTRONIC LOCATION AND ACCESS
Materials specified Amazon.com
Uniform Resource Identifier <a href="http://www.amazon.com/exec/obidos/ASIN/0821349139/chopaconline-20">http://www.amazon.com/exec/obidos/ASIN/0821349139/chopaconline-20</a>
856 40 - ELECTRONIC LOCATION AND ACCESS
Materials specified Amazon customer reviews
Uniform Resource Identifier <a href="http://www.chopac.org/cgi-bin/tools/azrev.pl?q=0821349139">http://www.chopac.org/cgi-bin/tools/azrev.pl?q=0821349139</a>
942 ## - ADDED ENTRY ELEMENTS (KOHA)
Institution code [OBSOLETE] NBS
Koha item type Book
Call number prefix 332.673 WES
Holdings
Withdrawn status Lost status Damaged status Not for loan Permanent Location Current Location Date acquired Total Checkouts Full call number Barcode Date last seen Date last checked out Price effective from Koha item type
        Central Library (CL) Central Library (CL) 08/28/2013 1 332.673 WES NBS4539 11/22/2017 08/04/2017 08/28/2013 Book
© 2023 Central Library, National University of Sciences and Technology. All Rights Reserved.